Heart-salve for a wounded soule. : or, Meditations of comfort for relief of a soul sick of delayed prayers, and the hiding of Gods countenance. First formed and fitted for the soul of a sad saint, then in the depths of dark desertion, but now in heaven in the lightsom heights of glorious union. /

Bibliographic Details
Main Author: Calvert, Thomas, 1606-1679
Format: eBook
Language:English
Published: Printed at York : by Tho: Broad, and are to be sold by Nathaniel Brookes at the sign of the Angel in Cornwell, London, 1647.
Series:Early English books online.
Subjects:
Online Access:Connect to the full text of this electronic book
Connect to the full text of this electronic book

MARC

Tag First Indicator Second Indicator Subfields
LEADER 00000nam a2200000 4500
001 in00004285366
005 20200813081919.0
006 m g d
007 cr bn |||a|bb|
008 940708s1647 enk o 00| | eng d
035 |a (UnM)99868914 
037 |a CL0051000009  |b ProQuest Information and Learning. 300 N. Zeeb Rd., Ann Arbor, MI 48106 
040 |a Cu-RivES  |c Cu-RivES  |d CStRLIN  |e dcrb  |d WaOLN 
100 1 |a Calvert, Thomas,  |d 1606-1679. 
245 1 0 |a Heart-salve for a wounded soule. :  |b or, Meditations of comfort for relief of a soul sick of delayed prayers, and the hiding of Gods countenance. First formed and fitted for the soul of a sad saint, then in the depths of dark desertion, but now in heaven in the lightsom heights of glorious union. /  |c Published for publike benefit by Tho: Calvert Mr. of A. and minister of Gods word in York. 
246 2 0 |a Meditations of comfort for relief of a soul sick of delayed prayers 
260 |a Printed at York :  |b by Tho: Broad, and are to be sold by Nathaniel Brookes at the sign of the Angel in Cornwell, London,  |c 1647. 
300 |a 1 online resource (87, [3], 157, [1] pages) 
336 |a text  |b txt  |2 rdacontent 
337 |a computer  |b c  |2 rdamedia 
338 |a online resource  |b cr  |2 rdacarrier 
500 |a "Eye-salve for the blinde world" has separate dated title page and register; pagination is continuous. 
500 |a Annotation on Thomason copy: "8ber [i.e. October] 10th 1647". 
500 |a Reproduction of the original in the British Library. 
500 |a "Eye-salve for the blinde world" = Thomason E.1156[2*]. 
510 4 |a Wing (2nd edition, 1994)  |c C323. 
510 4 |a Thomason  |c E.1156[2]. 
510 4 |a Thomason  |c E.1156[2*]. 
533 |a Electronic reproduction.  |b Ann Arbor, Mich. :  |c UMI,  |d 1999-  |f (Early English books online)  |n Digital version of: (Thomason Tracts ; 251:E1156[2]; 251:E1156[2*])  |7 s1999 miun s 
650 0 |a Meditations  |v Early works to 1800. 
650 0 |a Christian life  |v Early works to 1800. 
740 0 2 |a Eye-salve for the blinde world. 
830 0 |a Early English books online. 
856 4 0 |u http://proxy.library.tamu.edu/login?url=https://search.proquest.com/docview/2264222928  |z Connect to the full text of this electronic book  |t 0 
856 4 0 |u http://proxy.library.tamu.edu/login?url=https://search.proquest.com/docview/2248508057  |z Connect to the full text of this electronic book  |t 0 
999 f f |s 665e10f8-e9f6-31db-9ae0-ff006848587d  |i a0a7a891-15bb-3d81-8011-4f415a543d5d  |t 0 
952 f f |a Texas A&M University  |b College Station  |c Electronic Resources  |d Available Online  |t 0  |h No information provided 
998 f f |t 0  |l Available Online